| 000 -CABECERA |
| fixed length control field |
02543nam a22002057a 4500 |
| 003 - IDENTIFICADOR DEL NÚMERO DE CONTROL |
| control field |
AR-CdUCM |
| 008 - DATOS DE LONGITUD FIJA--INFORMACIÓN GENERAL |
| fixed length control field |
190304b ||||| |||| 00| 0 eng d |
| 040 ## - FUENTE DE LA CATALOGACIÓN |
| Agencia/entidad que catalogó originalmente la obra |
MUNICIPALIDAD PROVINCIAL DEL CUSCO |
| Entidad que transcribió la catalogación |
BIBLIOTECA MUNICIPAL DEL CUSCO |
| 082 ## - NÚMERO DE LA CLASIFICACIÓN DECIMAL DEWEY |
| No. de Clasificación |
086.985 / |
| Notacion interna |
M39 |
| 100 ## - ENTRADA PRINCIPAL--NOMBRE DE PERSONA |
| Nombre Personal |
Mejia Baca, Juan |
| 245 ## - MENCIÓN DE TÍTULO |
| Título |
Historia del Perú / |
| 260 ## - PUBLICACIÓN, DISTRIBUCIÓN, ETC. |
| Lugar de publicación, distribución, etc. |
Perú : |
| Nombre de la editorial, distribuidor, etc. |
Juan Mejia Baca , |
| Fecha de publicación, distribución, etc. |
1980. |
| 300 ## - DESCRIPCIÓN FÍSICA |
| Nº de Páginas Extensión |
12 tomos ; |
| Dimensiones |
20.5 cm. |
| 505 ## - NOTA DE CONTENIDO CON FORMATO |
| Nota de contenido formateada |
Contenido: t.1.- Perú antiguo -- El periodo formativo -- t.2.- El imperio Wari -- Los reinos y señores locales de los andes centrales: 800-1470 a.c. -- Los incas -- Investigaciones arqueologicas en el Perú (1977-1979) -- t.3.- El dualismo religioso en el antiguo Perú -- La religión incaica -- La estructura social de las comunidades andinas -- t.4.- La conquista del Perú de los incas (1531-1572) -- La sociedad andina colonial -- Economía y sociedad en el Perú colonial (dominio económico) -- t.5.- Economía y sociedad en el Perú colonial, movimiento social -- La vida cotidiana -- Las respuestas populares autónomas -- la literatura en el virreinato -- La religión indígena en la colonia -- t.6.- Conatos levantamientos, campañas e ideología de la independencia -- ideología de los movimientos indios -- Liquidación del antiguo régimen español La insurgencia de independencia de las colonias sudamericanas -- ideología de los insurgentes del periodo de las juntas gubernativas sudamericanas -- t.7.-Antecedentes de la guerra con Chile -- La guerra con Chile -- Los inicios de la expansión mercantil capitalista en el Perú (1890-1930) -- t.8.-Historia de la literatura del Perú republicano --Economía, producción y trabajo (Perú, siglo XX) --Procesos e instituciones -- Arquitectura y urbanismo en el antiguo -- t.9.- La arquitectura en el virreinato y la república -- Historia de las artes plásticas del Perú -- informe sobre la música en el Perú -- t.10.- Historia de la educación en el Perú Introducción a la historia de la ciencia y la tecnología en ele Perú -- t.11.- Feudalismo y movimientos sociales (1866-1965) -- Las ideas en el Perú contemporáneo -- La iglesia católica en el Perú -- t.12.- El pensamiento mágico religioso en el Perú contemporáneo -- Los movimientos populares en el Perú -- La amazonia peruana -- El docenio popular. |
| 650 ## - PUNTO DE ACCESO ADICIONAL DE MATERIA--TÉRMINO DE MATERIA |
| Descriptor |
Perú Republicano |
| 9 (RLIN) |
7837 |
| 650 ## - PUNTO DE ACCESO ADICIONAL DE MATERIA--TÉRMINO DE MATERIA |
| Descriptor |
Túpac Amaru |
| 9 (RLIN) |
623 |
| 650 ## - PUNTO DE ACCESO ADICIONAL DE MATERIA--TÉRMINO DE MATERIA |
| Descriptor |
Don José de San Martin |
| 9 (RLIN) |
7838 |
| 942 ## - ELEMENTOS DE PUNTO DE ACCESO ADICIONAL (KOHA) |
| Fuente de clasificación |
|
| Tipo de item |
Libros-BMC |
| 945 ## - PROCESAMIENTO DE INFORMACIÓN LOCAL (OCLC) |
| Catalogador |
rtm |